00397ntaaa2200145 45000030003000000050017000030080021000200400037000410820017000781000024000952450066001192500040001853000011002256500015002360120251027201557.00714s1973 ag 01  aAR-BaBNbspacAR-BaBNeaacrdRIC a230.0000 H87 aHughes, H. Maldwyn  aChristian Foundations; an introduction to Christian doctrine. a1 ed. : bThe Epworth Press, c1948 a269 p. aTeología